| 000 | 01005nam a2200265 a 4500 | ||
|---|---|---|---|
| 001 | BRCA_4818 | ||
| 005 | 20190320204823.0 | ||
| 008 | 251108s1945----sp-a######---#000-0#spa-u | ||
| 041 | _aspa | ||
| 044 | _asp | ||
| 050 | 4 |
_aNK4124 _b.E83 2 1945 |
|
| 100 | 1 |
_aEscrivá de Romani y de la Quintana, Manuel _cConde de Casal _912213 |
|
| 245 | 1 | 0 |
_aHistoria de la cerámica de Alcora _bestudio crítico de la fábrica. Recetas originales de sus mas afamados artífices. Antiguos reglamentos de la misma _cpor Manuel Escrivá de Romani y de la Quintana. |
| 250 | _a2 | ||
| 260 |
_aMadrid _bAldus _c1945 |
||
| 300 |
_a400 p. _bil., 90 láminas _c27 cm. |
||
| 500 | _aEn la portada: Consejo Superior de Investigaciones Científicas. Instituto Diego Velázquez. | ||
| 500 | _aEstado físico: Sobrecubierta deteriorada | ||
| 500 | _aEjemplar igual a A13 | ||
| 500 | _aCFG69 | ||
| 650 | 1 | 4 |
_aCerámica _zAlcora, España _97257 |
| 650 | 1 | 4 |
_aCerámica _xHistoria _zEspaña _92051 |
| 902 | _aGFM | ||
| 942 |
_2lcc _cB |
||
| 999 |
_c4514 _d4514 |
||